000
01401nam0 2200277 450
001
012022000011
005
20220303154304.4
010
@ a978-7-5096-6957-0@ dCNY78.00
100
@ a20200610d2019 em y0chiy50 ea
101
0
@ achi
102
@ aCN@ b110000
105
@ aak a 000yy
106
@ ar
200
1
@ a中国西部地区农村老年贫困问题研究@ Azhong guo xi bu di qu nong cun lao nian pin kun wen ti yan jiu@ d= A study on the poverty of the aged in the Rural Areas of western China@ f章晓英著@ zeng
210
@ a北京@ c经济管理出版社@ d2019.12
215
@ a224页@ c图@ d24cm
300
@ a本书是国家社会科学基金项目“中国西部地区农村老年贫困问题研究”(项目批准号: 12XRK005) 的研究成果
320
@ a有书目 (第210-218页)
330
@ a本书旨在通过对我国西部12个省份农村老年人展开抽样调查和典型调查, 同时对比从东部农村抽样调查得到的结果, 充分了解西部农村老年人的收人、消费、健康、养老以及各种生活困难情况, 估计西部农村老年人的贫困线和贫困率, 分析贫困现状和特征、贫困的影响因素, 详细研究贫困的成因, 提出一系列解决西部农村老年贫困的对策。
510
1
@ aStudy on the poverty of the aged in the Rural Areas of western China@ zeng
606
0
@ a农村@ Anong cun@ x老年人@ x贫困问题@ x研究@ y西北地区
606
0
@ a农村@ Anong cun@ x老年人@ x贫困问题@ x研究@ y西南地区
690
@ aF323@ v5
701
0
@ a章晓英@ Azhang xiao ying@ 4著
801
0
@ aCN@ bCDNYKJZYXY@ c20220303
905
@ aCDNYKJZYXY@ b300645957-9@ dF323@ e346@ f3
中国西部地区农村老年贫困问题研究= A study on the poverty of the aged in the Rural Areas of western China/章晓英著.-北京:经济管理出版社,2019.12
224页:图;24cm
本书是国家社会科学基金项目“中国西部地区农村老年贫困问题研究”(项目批准号: 12XRK005) 的研究成果
ISBN 978-7-5096-6957-0:CNY78.00
本书旨在通过对我国西部12个省份农村老年人展开抽样调查和典型调查, 同时对比从东部农村抽样调查得到的结果, 充分了解西部农村老年人的收人、消费、健康、养老以及各种生活困难情况, 估计西部农村老年人的贫困线和贫困率, 分析贫困现状和特征、贫困的影响因素, 详细研究贫困的成因, 提出一系列解决西部农村老年贫困的对策。
●
正题名:中国西部地区农村老年贫困问题研究
索取号:F323/346
 
预约/预借
序号
登录号
条形码
馆藏地/架位号
状态
备注
1
645957
300645957
柳城-5楼/11架13列1层/
[索取号:F323/346]
在馆
2
645958
300645958
柳城-5楼/11架13列1层/
[索取号:F323/346]
在馆
3
645959
300645959
柳城-5楼/11架13列1层/
[索取号:F323/346]
在馆